[Event "ISL-chT2 2122"]
[Site "Reykjavik"]
[Date "2022.03.06"]
[Round "7.3"]
[White "Geirsson, Kristjan"]
[Black "Sigurdsson, Elvar Mar"]
[Result "1-0"]
[WhiteElo "1728"]
[BlackElo "1714"]
[PlyCount "67"]
[EventDate "2021.10.01"]
[EventType "team-tourn"]
[EventRounds "7"]
[EventCountry "ISL"]
[SourceTitle "EXT 2024"]
[Source "ChessBase"]
[SourceDate "2023.10.10"]
[SourceVersion "1"]
[SourceVersionDate "2023.10.10"]
[SourceQuality "1"]
[WhiteTeam "Vikingaklubburinn II"]
[BlackTeam "Selfoss"]
[WhiteTeamCountry "ISL"]
[BlackTeamCountry "ISL"]

1. e4 c5 2. Nf3 d6 3. d4 cxd4 4. Nxd4 Nf6 5. Nc3 a6 6. Bc4 e6 7. Bb3 Nbd7 8. f4 Nc5 9. e5 Nxb3 10. Nxb3 Ng8 11. Be3 Nh6 12. Qd3 d5 13. 0-0-0 b5 14. h3 Be7 15. g4 Qc7 16. Kb1 b4 17. Ne2 a5 18. Nbd4 Ba6 19. Qd2 Bc5 20. Nf3 Bxe2 21. Qxe2 Bxe3 22. Qxe3 Rc8 23. Nd4 0-0 24. f5 Kh8 25. f6 Ng8 26. g5 g6 27. h4 a4 28. h5 a3 29. hxg6 fxg6 30. Qd3 Qf7 31. Nxe6 Qxe6 32. Rxh7+ Kxh7 33. Rh1+ Nh6 34. Rxh6+ 1-0

[Event "ISL-chT1 1920"]
[Site "Reykjavik"]
[Date "2021.05.16"]
[Round "9.2"]
[White "Johannesson, Jon"]
[Black "Sigurdsson, Elvar Mar"]
[Result "1-0"]
[WhiteElo "1802"]
[BlackElo "1737"]
[PlyCount "61"]
[EventDate "2019.10.03"]
[EventType "team-tourn"]
[EventRounds "9"]
[EventCountry "ISL"]
[SourceTitle "EXT 2022"]
[Source "ChessBase"]
[SourceDate "2021.10.06"]
[SourceVersion "1"]
[SourceVersionDate "2021.10.06"]
[SourceQuality "1"]
[WhiteTeam "Vikingaklubburinn II"]
[BlackTeam "Skakfelag Selfoss"]
[WhiteTeamCountry "ISL"]
[BlackTeamCountry "ISL"]

1. e4 e6 2. d4 d5 3. Nd2 c5 4. Ngf3 cxd4 5. Nxd4 Nc6 6. Nxc6 bxc6 7. Bd3 Bd6 8. 0-0 Ne7 9. f4 0-0 10. Nf3 Qb6+ 11. Kh1 dxe4 12. Bxe4 Qc7 13. Bxh7+ Kxh7 14. Ng5+ Kg6 15. Qg4 f5 16. Qg3 Kf6 17. b3 Ng6 18. Bb2+ Ke7 19. Nxe6 Bxe6 20. Qxg6 Kd7 21. Rfe1 Rae8 22. Rad1 Bd5 23. Rxe8 Rxe8 24. Qxf5+ Be6 25. Qg6 Bd5 26. c4 Qa5 27. Be5 Bxe5 28. cxd5 Bf6 29. dxc6+ Ke7 30. Rd7+ Kf8 31. Qf7# 1-0

[Event "ISL-ch Online Rapid"]
[Site "Tornelo INT"]
[Date "2020.12.26"]
[Round "7"]
[White "Ptacnikova, Lenka"]
[Black "Sigurdsson, Elvar Mar"]
[Result "1-0"]
[WhiteElo "2130"]
[BlackElo "1747"]
[PlyCount "73"]
[EventDate "2020.12.26"]
[EventType "tourn (rapid)"]
[EventRounds "7"]
[EventCountry "ISL"]
[SourceTitle "CBM 199 Extra"]
[Source "ChessBase"]
[SourceDate "2021.01.31"]
[SourceVersion "1"]
[SourceVersionDate "2021.01.31"]
[SourceQuality "1"]

1. c4 Nf6 2. g3 g6 3. Bg2 Bg7 4. Nc3 0-0 5. e4 e5 6. Nge2 d6 7. d3 Nc6 8. 0-0 Bg4 9. h3 Bxe2 10. Nxe2 Qd7 11. Be3 Nh5 12. Qd2 f5 13. exf5 gxf5 14. d4 f4 15. gxf4 exd4 16. Nxd4 Nxd4 17. Bxd4 Nxf4 18. Bxb7 Rab8 19. Bg2 Bxd4 20. Bd5+ Rf7 21. Qxf4 Be5 22. Qxf7+ Qxf7 23. Bxf7+ Kxf7 24. Rab1 Bxb2 25. Kh1 a5 26. a4 Rb4 27. Rfd1 Ke6 28. Rd2 Bc3 29. Rxb4 axb4 30. Rd3 Kd7 31. f4 Kc6 32. f5 Bf6 33. Rd5 b3 34. Rb5 b2 35. a5 Kd7 36. a6 Bd4 37. Rxb2 1-0

[Event "ISL-ch Online Rapid"]
[Site "Tornelo INT"]
[Date "2020.12.26"]
[Round "2"]
[White "Sigurdsson, Elvar Mar"]
[Black "Omarsson, Josef"]
[Result "1-0"]
[WhiteElo "1747"]
[BlackElo "1247"]
[PlyCount "49"]
[EventDate "2020.12.26"]
[EventType "tourn (rapid)"]
[EventRounds "7"]
[EventCountry "ISL"]
[SourceTitle "CBM 199 Extra"]
[Source "ChessBase"]
[SourceDate "2021.01.31"]
[SourceVersion "1"]
[SourceVersionDate "2021.01.31"]
[SourceQuality "1"]

1. c4 d6 2. g3 Nf6 3. Bg2 g6 4. Nf3 Bg7 5. Nc3 0-0 6. 0-0 Nbd7 7. e4 c5 8. d4 b6 9. e5 dxe5 10. dxe5 Ng4 11. Ng5 Rb8 12. e6 Nde5 13. exf7+ Nxf7 14. Nxf7 Rxf7 15. Qxd8+ Rf8 16. Qc7 Bf5 17. Nd5 Be5 18. Nxe7+ Kh8 19. Qxa7 Bd3 20. Bh6 Rf7 21. Rfe1 Bd6 22. Rad1 Nxf2 23. Nxg6+ Bxg6 24. Qxb8+ Bf8 25. Rd8 1-0

[Event "ISL-ch Online Rapid"]
[Site "Tornelo INT"]
[Date "2020.12.26"]
[Round "1"]
[White "Thorfinnsson, Bragi"]
[Black "Sigurdsson, Elvar Mar"]
[Result "1-0"]
[WhiteElo "2439"]
[BlackElo "1747"]
[PlyCount "75"]
[EventDate "2020.12.26"]
[EventType "tourn (rapid)"]
[EventRounds "7"]
[EventCountry "ISL"]
[SourceTitle "CBM 199 Extra"]
[Source "ChessBase"]
[SourceDate "2021.01.31"]
[SourceVersion "1"]
[SourceVersionDate "2021.01.31"]
[SourceQuality "1"]

1. e4 e6 2. Qe2 c5 3. g3 Nc6 4. c3 e5 5. Bg2 Nf6 6. Nf3 Be7 7. 0-0 0-0 8. Na3 b6 9. d4 cxd4 10. cxd4 exd4 11. e5 Nd5 12. Rd1 Ndb4 13. Nxd4 Nxd4 14. Rxd4 Rb8 15. Bf4 Bc5 16. Rd2 Ba6 17. Qg4 Re8 18. Rad1 Bc8 19. e6 d6 20. exf7+ Kxf7 21. Bd5+ Nxd5 22. Qh5+ Kg8 23. Qxd5+ Be6 24. Qf3 Qf6 25. Qd3 Rbd8 26. Nc4 d5 27. Ne5 Bf5 28. Qc3 d4 29. Qb3+ Be6 30. Qa4 Bd5 31. b4 Bd6 32. Rxd4 Bxe5 33. Rxd5 Bxf4 34. Rxd8 Rxd8 35. Qb3+ Kh8 36. Rxd8+ Qxd8 37. gxf4 Qd1+ 38. Qxd1 1-0

[Event "Reykjavik ISL-ch op"]
[Site "Reykjavik"]
[Date "2020.08.27"]
[Round "6"]
[White "Ragnarsson, Johann Hjortur"]
[Black "Sigurdsson, Elvar Mar"]
[Result "0-1"]
[WhiteElo "1952"]
[BlackElo "1712"]
[PlyCount "120"]
[EventDate "2020.08.22"]
[EventType "swiss"]
[EventRounds "9"]
[EventCountry "ISL"]
[SourceTitle "CBM 198 Extra"]
[Source "ChessBase"]
[SourceDate "2020.11.30"]
[SourceVersion "1"]
[SourceVersionDate "2020.11.30"]
[SourceQuality "1"]

1. d4 Nf6 2. c4 g6 3. Nc3 Bg7 4. e4 d6 5. f4 c5 6. d5 0-0 7. Nf3 e6 8. Be2 exd5 9. cxd5 Nbd7 10. 0-0 Re8 11. e5 dxe5 12. fxe5 Nxe5 13. Nxe5 Rxe5 14. Bc4 Bg4 15. Qb3 Qb6 16. Nb5 Nxd5 17. a4 Be6 18. Qg3 Rd8 19. a5 Qa6 20. Qh4 Rd7 21. Nc3 Qd6 22. Bxd5 Rh5 23. Qg3 Bd4+ 24. Rf2 Qxg3 25. hxg3 Bxf2+ 26. Kxf2 Bxd5 27. Be3 Bc6 28. Re1 Re5 29. Ra1 Rde7 30. Bf4 Rf5 31. Kg1 h5 32. Rd1 g5 33. Bb8 a6 34. Rc1 Re8 35. Ba7 Re3 36. Bb8 Rd3 37. Rc2 Rd7 38. Re2 Rd8 39. Bc7 Re8 40. Rxe8+ Bxe8 41. Ne4 Bc6 42. Nc3 c4 43. Bd8 Kg7 44. Bb6 Kg6 45. Bd8 Re5 46. Kf2 Re8 47. Bb6 h4 48. Bd4 Rd8 49. Be3 Rd3 50. gxh4 gxh4 51. Ne2 Rd8 52. g3 hxg3+ 53. Nxg3 f5 54. Ne2 Rd1 55. Nf4+ Kf6 56. Ke2 Rb1 57. Bd4+ Kg5 58. Nh3+ Kg4 59. Nf2+ Kg3 60. Nd1 Bf3+ 0-1

[Event "Reykjavik ISL-ch op"]
[Site "Reykjavik"]
[Date "2020.08.26"]
[Round "5"]
[White "Sigurdsson, Elvar Mar"]
[Black "Bewersdorff, Oliver"]
[Result "0-1"]
[WhiteElo "1712"]
[BlackElo "2283"]
[PlyCount "38"]
[EventDate "2020.08.22"]
[EventType "swiss"]
[EventRounds "9"]
[EventCountry "ISL"]
[SourceTitle "CBM 198 Extra"]
[Source "ChessBase"]
[SourceDate "2020.11.30"]
[SourceVersion "1"]
[SourceVersionDate "2020.11.30"]
[SourceQuality "1"]

1. c4 Nf6 2. g3 c6 3. Bg2 d5 4. Nf3 dxc4 5. 0-0 Nbd7 6. a4 Nc5 7. Na3 Be6 8. Qc2 Nb3 9. Rb1 Qd5 10. Ne1 Qc5 11. Nd3 cxd3 12. Qxd3 Rd8 13. Qf3 Nd4 14. Qe3 Qh5 15. Re1 Ng4 16. Qf4 Qxh2+ 17. Kf1 Nf6 18. e3 Bh3 19. Bxh3 Qh1# 0-1

[Event "Reykjavik ISL-ch op"]
[Site "Reykjavik"]
[Date "2020.08.25"]
[Round "4"]
[White "Thorisson, Bjartur"]
[Black "Sigurdsson, Elvar Mar"]
[Result "0-1"]
[WhiteElo "1202"]
[BlackElo "1712"]
[PlyCount "54"]
[EventDate "2020.08.22"]
[EventType "swiss"]
[EventRounds "9"]
[EventCountry "ISL"]
[SourceTitle "CBM 198 Extra"]
[Source "ChessBase"]
[SourceDate "2020.11.30"]
[SourceVersion "1"]
[SourceVersionDate "2020.11.30"]
[SourceQuality "1"]

1. e4 e6 2. d4 d5 3. e5 c5 4. c3 Nc6 5. Nf3 Qb6 6. Bd3 Bd7 7. Bc2 cxd4 8. cxd4 Nb4 9. Ba4 Bxa4 10. Qxa4+ Qc6 11. Qxc6+ bxc6 12. Kd1 c5 13. a3 Nd3 14. Ke2 c4 15. Nc3 Rb8 16. Rb1 Ne7 17. Nd2 Nc6 18. b3 Nxd4+ 19. Ke3 Nf5+ 20. Ke2 Nxc1+ 21. Rhxc1 Bxa3 22. Rc2 Nd4+ 23. Kd1 Nxc2 24. Kxc2 cxb3+ 25. Nxb3 0-0 26. Ra1 Bb4 27. Rxa7 Rfc8 0-1